000 00787nam a22002297a 4500
005 20080811141834.0
008 080811t xxu||||| |||| 00| p eng d
010 _aENG-90725
020 _c95.00
_a8184350198
035 _aEN-74258
037 _bDBAD / PUB
040 _aDPL
_bENGLISH
082 _a881
100 _aCharu Sheel Singh
245 _aScripture on stone /
_cby Charu Sheel Singh
260 _aNew Delhi
_bAdhyayan Publishers & Distributors
_c2007
300 _aviii, 108p.
_c22 cm.(pbk)
600 _aCharu Sheel Singh 1955-
650 _aEnglish poetry
_yCriticism and interpretation
942 _2ddc
_cEN
_h881
_mCHA
999 _c14847
_d14847